00522nam a22001697a 450000500170000001000150001702000260003203500140005803700090007208200110008110000190009224501010011125000060021226000340021827000800025230000200033220260209104130.0 aENG-147748 a9788199024311c695.00 aEN-131280 bDBAD a92121 aGupta, Uma Das aA History of Santiniketan:b Rabindranath Tagore and His Life's Work 1861 - 1941/cUma Das Gupta a1 aNew DelhibNiyogi Booksc2025 aBlock D, Building No. 77, Okhla Industrial Area, Phase-IbNew Delhie110020 a220p.c23cm(hb)